000 00290nam a2200109Ia 4500
008 200302s9999 xx 000 0 und d
100 _aJ. J. Svec & Others
245 _aModern Masonry Panel Construction Systems
260 _bChners Books Publishing Co. Inc.
260 _c1972
300 _a129 P.,
999 _c94
_d94